000 00389nam a2200157Ia 4500
008 131103s9999 xx 000 0 und d
040 _aLoreto College
041 _aEnglish
082 _a745/CHI
_bLCBED/10366
245 _aSew soft and cuddly animals
260 _a[s.l.]
_b[s.n.]
_c[19?]
300 _a12p.
_b pic.
_c 23cm.
650 _aCraft
850 _aLCBED/745/CHI
942 _cBK
999 _c30389
_d80868